[Event "BCF-chT2 2324 (4NCL)"]
[Site "England"]
[Date "2024.01.13"]
[Round "3.4"]
[White "Borrowdale, Graham E"]
[Black "Lentzos, Ioanis"]
[Result "0-1"]
[WhiteElo "1941"]
[BlackElo "2122"]
[PlyCount "80"]
[EventDate "2023.11.11"]
[EventType "team-tourn"]
[EventRounds "11"]
[EventCountry "ENG"]
[SourceTitle "CB11_2024"]
[SourceDate "2024.03.13"]
[SourceVersion "1"]
[SourceVersionDate "2024.03.13"]
[SourceQuality "1"]
[WhiteTeam "Cambridge University II"]
[BlackTeam "The Sharks II"]
[WhiteTeamCountry "ENG"]
[BlackTeamCountry "ENG"]

1. c4 c6 2. Nf3 d5 3. d4 Nf6 4. Nc3 e6 5. e3 Nbd7 6. Bd3 dxc4 7. Bxc4 b5 8. Bd3 Bd6 9. 0-0 0-0 10. e4 e5 11. Bg5 h6 12. Bxf6 Qxf6 13. d5 b4 14. dxc6 bxc3 15. cxd7 Bxd7 16. bxc3 Rac8 17. Qd2 Bg4 18. Be2 Rfd8 19. Rfd1 Bb4 20. cxb4 Rxd2 21. Rxd2 Rc3 22. Rad1 Ra3 23. Rd8+ Kh7 24. R8d6 Qf4 25. h3 Be6 26. g3 Qf6 27. Kg2 Rxa2 28. Bc4 Ra3 29. Nh4 Qe7 30. Bxe6 fxe6 31. Rd7 Qxb4 32. Rf7 Qxe4+ 33. Kh2 Rd3 34. Ra1 Qd4 35. Raxa7 e4 36. Ng2 Rd2 37. Kg1 Rd1+ 38. Kh2 Rf1 39. Rad7 Qa1 40. g4 Qe5+ 0-1

[Event "BCF-chT2 2223 (4NCL)"]
[Site "England"]
[Date "2023.05.01"]
[Round "11.65"]
[White "Lentzos, Ioanis"]
[Black "Phillips, David A"]
[Result "1-0"]
[WhiteElo "2186"]
[BlackElo "2096"]
[PlyCount "47"]
[EventDate "2022.10.22"]
[EventType "team-tourn"]
[EventRounds "11"]
[EventCountry "ENG"]
[SourceTitle "EXT 2024"]
[Source "ChessBase"]
[SourceDate "2023.10.10"]
[SourceVersion "1"]
[SourceVersionDate "2023.10.10"]
[SourceQuality "1"]
[WhiteTeam "The Sharks II"]
[BlackTeam "Spirit of Atticus"]
[WhiteTeamCountry "ENG"]
[BlackTeamCountry "ENG"]

1. c4 Nf6 2. Nc3 d5 3. cxd5 Nxd5 4. Nf3 Nxc3 5. bxc3 g6 6. h4 Bg7 7. d4 c5 8. h5 Nc6 9. e3 0-0 10. hxg6 hxg6 11. Bc4 cxd4 12. cxd4 e5 13. Qd3 Bf5 14. e4 Bg4 15. d5 Bxf3 16. Qxf3 Qd6 17. dxc6 Qb4+ 18. Bd2 Qxc4 19. cxb7 Rab8 20. Rc1 Qxa2 21. Qh3 Rfd8 22. Bb4 f6 23. Qh7+ Kf7 24. Rc7+ 1-0

[Event "BCF-chT2 2223 (4NCL)"]
[Site "England"]
[Date "2023.02.11"]
[Round "5.46"]
[White "Lentzos, Ioanis"]
[Black "White, Stuart A"]
[Result "1/2-1/2"]
[WhiteElo "2181"]
[BlackElo "2051"]
[PlyCount "220"]
[EventDate "2022.10.22"]
[EventType "team-tourn"]
[EventRounds "11"]
[EventCountry "ENG"]
[SourceTitle "EXT 2024"]
[Source "ChessBase"]
[SourceDate "2023.10.10"]
[SourceVersion "1"]
[SourceVersionDate "2023.10.10"]
[SourceQuality "1"]
[WhiteTeam "The Sharks II"]
[BlackTeam "Alba"]
[WhiteTeamCountry "ENG"]
[BlackTeamCountry "ENG"]

1. d4 Nf6 2. c4 e6 3. Nf3 d5 4. Nc3 Bb4 5. cxd5 exd5 6. Bg5 h6 7. Bh4 0-0 8. e3 Bf5 9. Be2 Nbd7 10. Qb3 Bxc3+ 11. Qxc3 g5 12. Bg3 Ne4 13. Qb3 Ndf6 14. Rc1 c5 15. 0-0 c4 16. Qxb7 Nxg3 17. fxg3 Rb8 18. Qxa7 Rxb2 19. Ne5 Be6 20. Bd1 Nd7 21. Nc6 Qa8 22. Qxa8 Rxa8 23. a4 Ra6 24. Ne7+ Kf8 25. Nf5 h5 26. Ra1 g4 27. Nh4 Ke7 28. Nf5+ Kf8 29. Nh4 Ke7 30. Rc1 Nb6 31. Nf5+ Kf8 32. h3 Nxa4 33. hxg4 hxg4 34. Bxg4 Nb6 35. Rf2 Raa2 36. Rxb2 Rxb2 37. Nh6 Bxg4 38. Nxg4 Ke7 39. Nf2 Re2 40. Nd1 Kd6 41. Kf1 Ra2 42. Nc3 Rb2 43. g4 Rb4 44. Ke2 Na4 45. Nxa4 Rxa4 46. Rb1 Ra2+ 47. Kf3 Ra6 48. g5 Kc6 49. Rb8 Rb6 50. Rc8+ Kd6 51. Rd8+ Kc6 52. Rc8+ Kd6 53. g4 Rc6 54. Ra8 c3 55. Ra1 c2 56. Rc1 Ke7 57. Ke2 Rg6 58. Rxc2 Rxg5 59. Kf3 f5 60. Rg2 fxg4+ 61. Rxg4 Rh5 62. Rg6 Rh4 63. Rg4 Rh5 64. Rg8 Rh4 65. Rg5 Kd6 66. Rg4 Rh6 67. Rg8 Rh4 68. Re8 Rh1 69. Re5 Rf1+ 70. Kg4 Rg1+ 71. Kf5 Rf1+ 72. Kg6 Rf3 73. Kg5 Rf1 74. Rf5 Rg1+ 75. Kh4 Rh1+ 76. Kg3 Rg1+ 77. Kf2 Rg6 78. Ke2 Rg1 79. Rf6+ Ke7 80. Rh6 Rg4 81. Kd3 Rg3 82. Rh5 Kd6 83. Re5 Rg1 84. Kc3 Rc1+ 85. Kd2 Rh1 86. Ke2 Rh2+ 87. Kf3 Rh1 88. Rg5 Rf1+ 89. Kg2 Rf6 90. Kh3 Rf1 91. Rg6+ Ke7 92. Kg4 Rf2 93. Rg5 Kd6 94. Rf5 Rg2+ 95. Kf3 Rg6 96. e4 dxe4+ 97. Kxe4 Kd7 98. Rf7+ Kd8 99. Kd5 Rh6 100. Kc5 Rg6 101. Kb5 Rh6 102. Kc5 Rg6 103. Rh7 Rg5+ 104. d5 Rg6 105. Rh1 Rf6 106. d6 Rf2 107. Rd1 Kd7 108. Kb4 Rf6 109. Ka3 Rxd6 110. Rxd6+ Kxd6 1/2-1/2

[Event "GBR-ch 108th"]
[Site "Torquay"]
[Date "2022.08.18"]
[Round "6"]
[White "Lentzos, Ioanis"]
[Black "Ward, Christopher"]
[Result "1/2-1/2"]
[WhiteElo "2097"]
[BlackElo "2402"]
[PlyCount "110"]
[EventDate "2022.08.13"]
[EventType "swiss"]
[EventRounds "9"]
[EventCountry "ENG"]
[SourceTitle "CBM 209 Extra"]
[Source "ChessBase"]
[SourceDate "2022.09.30"]
[SourceVersion "1"]
[SourceVersionDate "2022.09.30"]
[SourceQuality "1"]

1. d4 Nf6 2. c4 e6 3. Nf3 d5 4. Nc3 dxc4 5. e4 b5 6. e5 Nd5 7. Nxb5 Nb6 8. Be2 Be7 9. 0-0 Nc6 10. Be3 0-0 11. Qc1 a6 12. Nc3 Bb7 13. Rd1 Nb4 14. Nd2 Nd3 15. Qb1 f5 16. exf6 Rxf6 17. Nxc4 Nf4 18. Bxf4 Rxf4 19. Na5 Bxg2 20. Kxg2 Bd6 21. Ne4 Qh4 22. Ng3 Rxf2+ 23. Kxf2 Qxh2+ 24. Ke1 Bb4+ 25. Rd2 Qxg3+ 26. Kd1 Bxd2 27. Kxd2 Qg5+ 28. Kd1 Qxa5 29. Qe4 Qd5 30. Qxd5 Nxd5 31. Rc1 Rb8 32. b3 a5 33. Ke1 Rb4 34. Bg4 Rxd4 35. Bxe6+ Kf8 36. Bxd5 Rxd5 37. Rxc7 h6 38. a4 Rd3 39. Rb7 Kg8 40. Ke2 Rh3 41. Kf2 Kh7 42. Rb6 h5 43. Kg2 Rc3 44. Kh2 g6 45. Rb5 Kh6 46. b4 axb4 47. Rxb4 g5 48. Rb6+ Kg7 49. a5 Ra3 50. a6 g4 51. Kg2 h4 52. Rb4 h3+ 53. Kh2 Ra2+ 54. Kh1 Ra1+ 55. Kh2 Ra2+ 1/2-1/2

[Event "BCF-chT 2122 (4NCL)"]
[Site "England"]
[Date "2022.04.30"]
[Round "7.27"]
[White "Kolbus, Dietmar"]
[Black "Lentzos, Ioanis"]
[Result "1/2-1/2"]
[WhiteElo "2305"]
[BlackElo "2116"]
[PlyCount "54"]
[EventDate "2021.11.27"]
[EventType "team-swiss"]
[EventRounds "11"]
[EventCountry "ENG"]
[SourceTitle "EXT 2023"]
[Source "ChessBase"]
[SourceDate "2022.10.05"]
[SourceVersion "1"]
[SourceVersionDate "2022.10.05"]
[SourceQuality "1"]
[WhiteTeam "Chess.com Manx Liberty"]
[BlackTeam "The Sharks II"]
[WhiteTeamCountry "ENG"]
[BlackTeamCountry "ENG"]

1. c4 c6 2. Nf3 d5 3. e3 Nf6 4. b3 e6 5. Bb2 Bd6 6. Be2 0-0 7. 0-0 b6 8. d4 Nbd7 9. Nc3 Bb7 10. cxd5 exd5 11. Qc2 Qe7 12. Bd3 Rfe8 13. Bf5 g6 14. Bh3 Ne4 15. g3 f5 16. Rfe1 Rf8 17. Nd2 h5 18. f3 Nxg3 19. hxg3 Bxg3 20. Re2 Ba6 21. Nf1 Qh4 22. Kg2 Bd6 23. Qb1 Qg5+ 24. Kh1 Qh4 25. Kg2 Qg5+ 26. Kh1 Qh4 27. Kg2 Qg5+ 1/2-1/2

[Event "GRE-chT 48th"]
[Site "Athens"]
[Date "2021.09.11"]
[Round "6.5"]
[White "Lentzos, Ioanis"]
[Black "Ignatiadis, Konstantinos"]
[Result "1/2-1/2"]
[WhiteElo "2076"]
[BlackElo "1937"]
[PlyCount "88"]
[EventDate "2021.09.07"]
[EventType "team-swiss"]
[EventRounds "7"]
[EventCountry "GRE"]
[SourceTitle "CBM 204 Extra"]
[Source "ChessBase"]
[SourceDate "2021.11.30"]
[SourceVersion "1"]
[SourceVersionDate "2021.11.30"]
[SourceQuality "1"]
[WhiteTeam "Keefysyas"]
[BlackTeam "Ames Neas Erythreas"]
[WhiteTeamCountry "GRE"]
[BlackTeamCountry "GRE"]

1. c4 e5 2. Nc3 Bb4 3. Nd5 a5 4. Nf3 Nc6 5. a3 Be7 6. d4 d6 7. e3 Nf6 8. Be2 0-0 9. 0-0 exd4 10. Nxe7+ Qxe7 11. Nxd4 Nxd4 12. Qxd4 a4 13. f3 Nd7 14. Bd2 Nc5 15. Bc3 f6 16. Bd1 Be6 17. Rc1 Bf7 18. Be1 Qe5 19. Rc3 Rfe8 20. Bg3 Qe7 21. Bc2 Ra6 22. e4 Rb6 23. Re3 Qe6 24. Rc1 Qe7 25. Be1 Qe5 26. Bc3 Qxd4 27. Bxd4 Ra6 28. Bd1 b6 29. Kf2 Raa8 30. h4 Re7 31. g4 h6 32. Rec3 Be8 33. Bc2 Bc6 34. Rg1 Rae8 35. g5 fxg5 36. hxg5 hxg5 37. Be3 Rf7 38. Ke2 Ne6 39. Bxg5 Nd4+ 40. Kf2 Nxc2 41. Rxc2 Rxe4 42. f4 Re6 43. Re2 Bd7 44. Rge1 Rxe2+ 1/2-1/2

[Event "GRE-chT Online Rapid op 1st"]
[Site "Tornelo INT"]
[Date "2021.02.21"]
[Round "5.25"]
[White "Merkouropoulos, Dionysios"]
[Black "Lentzos, Ioanis"]
[Result "1/2-1/2"]
[WhiteElo "1405"]
[BlackElo "2076"]
[PlyCount "43"]
[EventDate "2021.02.20"]
[EventType "team-swiss (rapid)"]
[EventRounds "9"]
[EventCountry "GRE"]
[SourceTitle "EXT 2023"]
[Source "ChessBase"]
[SourceDate "2022.10.05"]
[SourceVersion "1"]
[SourceVersionDate "2022.10.05"]
[SourceQuality "1"]

1. d4 f5 2. c4 Nf6 3. Nc3 g6 4. Bf4 Bg7 5. e3 0-0 6. Bd3 d6 7. Nf3 Qe8 8. 0-0 c6 9. Qb3 Kh8 10. Rfd1 Nbd7 11. Rac1 e5 12. Bg3 e4 13. Bxd6 Rg8 14. c5 exd3 15. Ng5 h6 16. Ne6 Qf7 17. Nc7 Qxb3 18. axb3 Rb8 19. Ne6 Ra8 20. Nc7 Rb8 21. Ne6 Ra8 22. Nc7 1/2-1/2

[Event "GRE-ch Online Blitz op 1st"]
[Site "Tornelo INT"]
[Date "2021.02.07"]
[Round "9"]
[White "Lentzos, Ioanis"]
[Black "Lytras, Iosif"]
[Result "0-1"]
[WhiteElo "1870"]
[BlackElo "1760"]
[PlyCount "66"]
[EventDate "2021.02.07"]
[EventType "swiss (blitz)"]
[EventRounds "16"]
[EventCountry "GRE"]
[SourceTitle "EXT 2023"]
[Source "ChessBase"]
[SourceDate "2022.10.05"]
[SourceVersion "1"]
[SourceVersionDate "2022.10.05"]
[SourceQuality "1"]

1. e4 c5 2. Nf3 d6 3. Bb5+ Bd7 4. Bxd7+ Qxd7 5. 0-0 Nc6 6. Qe2 g6 7. Rd1 Bg7 8. c3 Nf6 9. d4 cxd4 10. cxd4 0-0 11. Nc3 a6 12. d5 Ne5 13. Nxe5 dxe5 14. b3 Rac8 15. Bb2 b5 16. Rac1 Nh5 17. a4 b4 18. Na2 a5 19. Rc4 Nf4 20. Qc2 Rxc4 21. bxc4 Rc8 22. c5 Qg4 23. f3 Rxc5 24. Qd2 Qc8 25. Rc1 Rxc1+ 26. Nxc1 Qc5+ 27. Kf1 Qc4+ 28. Kf2 b3 29. g3 Qc5+ 30. Qe3 Qc2+ 31. Ne2 Nd3+ 32. Kg2 Nxb2 33. Kh3 Nc4 0-1

[Event "GRE-ch Online Rapid op 1st"]
[Site "Tornelo INT"]
[Date "2021.02.06"]
[Round "4"]
[White "Lentzos, Ioanis"]
[Black "Giannakouras, Ioannis"]
[Result "1-0"]
[WhiteElo "1825"]
[BlackElo "1167"]
[PlyCount "127"]
[EventDate "2021.02.06"]
[EventType "swiss (rapid)"]
[EventRounds "8"]
[EventCountry "GRE"]
[SourceTitle "EXT 2023"]
[Source "ChessBase"]
[SourceDate "2022.10.05"]
[SourceVersion "1"]
[SourceVersionDate "2022.10.05"]
[SourceQuality "1"]

1. Nf3 Nf6 2. d4 e6 3. e3 d5 4. Bd3 b6 5. c3 Be7 6. 0-0 0-0 7. Re1 Bb7 8. Nbd2 Ne4 9. Qc2 f5 10. Ne5 Nd7 11. Nxd7 Qxd7 12. f3 Nxd2 13. Bxd2 c5 14. dxc5 bxc5 15. c4 dxc4 16. Bxc4 Bd5 17. Rad1 Qc6 18. b3 Bf6 19. Bc3 Bxc4 20. bxc4 Bxc3 21. Qxc3 Rad8 22. Qa5 Qb6 23. Qxb6 axb6 24. Rb1 Rd6 25. Rb2 Ra8 26. Reb1 Ra6 27. h4 Kf7 28. Kf2 h6 29. h5 Ra4 30. Rc2 Ke7 31. Kg3 e5 32. e4 fxe4 33. fxe4 Ra3+ 34. Kg4 Kf6 35. Rf1+ Ke6 36. Rf3 Rdd3 37. Rb2 Rxf3 38. gxf3 Ra6 39. f4 exf4 40. Kxf4 Kf6 41. e5+ Ke6 42. Rg2 Ra7 43. Rg6+ Kf7 44. Rxb6 Rxa2 45. Rb7+ Ke6 46. Rb6+ Kf7 47. Ke4 Re2+ 48. Kd5 Rh2 49. Rb7+ Kg8 50. Kxc5 Rxh5 51. Kd6 Kf8 52. e6 g6 53. e7+ Kf7 54. Rb8 Kf6 55. Rf8+ Kg5 56. e8Q Rh4 57. Qe5+ Kg4 58. Rf4+ Kh3 59. Rxh4+ Kxh4 60. c5 g5 61. c6 g4 62. Qf6+ Kh5 63. c7 g3 64. c8Q 1-0

[Event "GRE-ch Online Rapid op 1st"]
[Site "Tornelo INT"]
[Date "2021.02.06"]
[Round "2"]
[White "Lentzos, Ioanis"]
[Black "Kyparissopoulos, Spyridon"]
[Result "1-0"]
[WhiteElo "1825"]
[BlackElo "1215"]
[PlyCount "63"]
[EventDate "2021.02.06"]
[EventType "swiss (rapid)"]
[EventRounds "8"]
[EventCountry "GRE"]
[SourceTitle "EXT 2023"]
[Source "ChessBase"]
[SourceDate "2022.10.05"]
[SourceVersion "1"]
[SourceVersionDate "2022.10.05"]
[SourceQuality "1"]

1. e4 c5 2. Nf3 d6 3. Bb5+ Nd7 4. d4 cxd4 5. Qxd4 a6 6. Bxd7+ Bxd7 7. 0-0 e5 8. Qd3 Nf6 9. Bg5 h6 10. Bxf6 Qxf6 11. Nc3 Be6 12. Nd5 Bxd5 13. Qxd5 Qe7 14. c4 Qc7 15. b3 Be7 16. Ne1 0-0 17. Nc2 Bg5 18. g3 Rac8 19. h4 Be7 20. Ne3 Qd7 21. Rfd1 g6 22. Qxe5 Rfe8 23. Qf4 g5 24. Qf5 Qxf5 25. Nxf5 gxh4 26. gxh4 Rcd8 27. f3 Kh7 28. Rd2 b5 29. cxb5 axb5 30. Rad1 Rg8+ 31. Kf2 d5 32. Nxe7 1-0

[Event "GBR-ch Major 106th"]
[Site "Torquay"]
[Date "2019.07.27"]
[Round "1"]
[White "Foster, Timothy"]
[Black "Lentzos, Ioanis"]
[Result "1/2-1/2"]
[WhiteElo "1852"]
[BlackElo "2043"]
[PlyCount "82"]
[EventDate "2019.07.27"]
[EventType "swiss"]
[EventRounds "9"]
[EventCountry "ENG"]
[SourceTitle "EXT 2020"]
[Source "ChessBase"]
[SourceDate "2019.10.17"]
[SourceVersion "1"]
[SourceVersionDate "2019.10.17"]
[SourceQuality "1"]

1. Nf3 f5 2. d3 Nf6 3. g3 g6 4. Bg2 Bg7 5. c4 0-0 6. Nc3 d6 7. 0-0 e5 8. Rb1 a5 9. a3 Na6 10. b4 axb4 11. axb4 c6 12. e4 Nc7 13. Bb2 Ne6 14. Ra1 Rxa1 15. Qxa1 f4 16. Ne2 g5 17. gxf4 gxf4 18. Kh1 Ng4 19. h3 Nh6 20. Rg1 Ng5 21. Qf1 Nxf3 22. Bxf3 Qh4 23. Kh2 Kh8 24. Bc3 Nf7 25. Bg4 f3 26. Bxc8 fxe2 27. Qg2 Bh6 28. Bf5 Bf4+ 29. Kh1 Qf6 30. Qg4 Nh6 31. Qxf4 exf4 32. Bxf6+ Rxf6 33. Kg2 Nxf5 34. exf5 Rxf5 35. Kf3 Re5 36. Re1 Kg7 37. Rxe2 Rxe2 38. Kxe2 Kf6 39. d4 b5 40. d5 bxc4 41. dxc6 Ke6 1/2-1/2

[Event "BCF-chT2b 1718 (4NCL)"]
[Site "England"]
[Date "2018.01.13"]
[Round "3.75"]
[White "Anilkumar, Anantha PP"]
[Black "Lentzos, Ioanis"]
[Result "0-1"]
[WhiteElo "1850"]
[BlackElo "2140"]
[PlyCount "100"]
[EventDate "2017.11.11"]
[EventType "team-tourn"]
[EventRounds "7"]
[EventCountry "ENG"]
[SourceTitle "EXT 2020"]
[Source "ChessBase"]
[SourceDate "2019.10.17"]
[SourceVersion "1"]
[SourceVersionDate "2019.10.17"]
[SourceQuality "1"]
[WhiteTeam "KJCA Kings"]
[BlackTeam "Manchester Manticores"]
[WhiteTeamCountry "ENG"]
[BlackTeamCountry "ENG"]

1. d4 Nf6 2. c4 e6 3. Nc3 Bb4 4. Nf3 c5 5. g3 d5 6. Bg2 Nc6 7. 0-0 dxc4 8. dxc5 Qxd1 9. Rxd1 Bxc5 10. Bg5 h6 11. Bxf6 gxf6 12. Ne4 Be7 13. Rac1 Na5 14. Ned2 b5 15. Nd4 Rb8 16. a4 a6 17. axb5 axb5 18. Ra1 Bb4 19. Ne4 Bb7 20. Nc2 Bxe4 21. Bxe4 Nb3 22. Bc6+ Kf8 23. Nxb4 Nxa1 24. Rxa1 Kg7 25. b3 Rhc8 26. Rc1 Rb6 27. bxc4 Rbxc6 28. Nxc6 Rxc6 29. c5 f5 30. f4 Kf6 31. Kf2 e5 32. Kf3 Ke6 33. e4 fxe4+ 34. Kxe4 f5+ 35. Ke3 exf4+ 36. Kxf4 Kd5 37. Kxf5 Rxc5 38. Rb1 Kc4+ 39. Ke4 Rh5 40. h4 b4 41. Rc1+ Kb3 42. Rc8 Ka2 43. Ra8+ Kb2 44. Rb8 b3 45. Kd3 Ka2 46. Kc4 b2 47. Ra8+ Kb1 48. Rf8 Ra5 49. Kb3 Re5 50. Kc3 Re3+ 0-1

[Event "Coventry 4NCL op-A 16th"]
[Site "Coventry"]
[Date "2017.11.05"]
[Round "5"]
[White "Lentzos, Ioanis"]
[Black "Patel, Devan"]
[Result "1-0"]
[WhiteElo "2021"]
[BlackElo "1560"]
[PlyCount "100"]
[EventDate "2017.11.03"]
[EventType "swiss"]
[EventRounds "5"]
[EventCountry "ENG"]
[SourceTitle "CBM 181 Extra"]
[Source "ChessBase"]
[SourceDate "2017.12.12"]
[SourceVersion "1"]
[SourceVersionDate "2017.12.12"]
[SourceQuality "1"]

1. e4 Nc6 2. Nf3 e5 3. Nc3 Nf6 4. d4 exd4 5. Nd5 h6 6. Bf4 d6 7. Nxd4 Nxd4 8. Qxd4 Nxd5 9. exd5 Qe7+ 10. Kd2 Kd8 11. Bd3 Qh4 12. g3 Qf6 13. Qxf6+ gxf6 14. Rae1 Bg4 15. Re3 c6 16. Rhe1 Kc7 17. c4 c5 18. Bc2 Bd7 19. Bd1 h5 20. h4 a6 21. a3 b5 22. Be2 bxc4 23. Bxc4 Bb5 24. Rc1 Kd7 25. Rb3 Bh6 26. Bxh6 Rxh6 27. Bxb5+ axb5 28. Rxb5 Ra7 29. Rc4 Rg6 30. Rf4 Rg4 31. Rf5 Rd4+ 32. Kc3 Rxd5 33. Rxd5 Kc6 34. Kc4 Ra4+ 35. b4 Rxa3 36. Ra5 cxb4 37. Kxb4 Rxa5 38. Rxa5 d5 39. Ra6+ Kd7 40. Kc5 f5 41. Kxd5 Ke7 42. Ke5 Kf8 43. Kf6 Ke8 44. Kxf5 Kd7 45. Ra7+ Kd6 46. Rxf7 Kc5 47. g4 hxg4 48. h5 g3 49. fxg3 Kc4 50. h6 Kd5 1-0

[Event "Coventry 4NCL op-A 16th"]
[Site "Coventry"]
[Date "2017.11.04"]
[Round "3"]
[White "Greet, Andrew"]
[Black "Lentzos, Ioanis"]
[Result "1-0"]
[WhiteElo "2460"]
[BlackElo "2021"]
[PlyCount "67"]
[EventDate "2017.11.03"]
[EventType "swiss"]
[EventRounds "5"]
[EventCountry "ENG"]
[SourceTitle "CBM 181 Extra"]
[Source "ChessBase"]
[SourceDate "2017.12.12"]
[SourceVersion "1"]
[SourceVersionDate "2017.12.12"]
[SourceQuality "1"]

1. d4 Nf6 2. c4 e6 3. g3 d5 4. Nf3 Be7 5. Bg2 0-0 6. 0-0 dxc4 7. Qc2 a6 8. a4 Bd7 9. Qxc4 Bc6 10. Bf4 a5 11. Nc3 Na6 12. Rac1 h6 13. Rfd1 Bd6 14. Ne5 Bxg2 15. Kxg2 c6 16. e4 Nb4 17. f3 Qe7 18. Be3 Rfd8 19. Nd3 Nxd3 20. Rxd3 Bc7 21. Ne2 Ne8 22. Rb3 Nd6 23. Qc5 Rab8 24. Nf4 Nc8 25. Nd3 Qxc5 26. Nxc5 Nb6 27. h4 Kf8 28. Kf2 Ke7 29. Bf4 Bxf4 30. gxf4 Nc8 31. Na6 Ra8 32. Rxb7+ Kf8 33. Rxc6 Ne7 34. Rcc7 1-0

[Event "Coventry 4NCL op-A 16th"]
[Site "Coventry"]
[Date "2017.11.04"]
[Round "2"]
[White "Lentzos, Ioanis"]
[Black "McPhillips, Joseph"]
[Result "0-1"]
[WhiteElo "2021"]
[BlackElo "2401"]
[PlyCount "86"]
[EventDate "2017.11.03"]
[EventType "swiss"]
[EventRounds "5"]
[EventCountry "ENG"]
[SourceTitle "CBM 181 Extra"]
[Source "ChessBase"]
[SourceDate "2017.12.12"]
[SourceVersion "1"]
[SourceVersionDate "2017.12.12"]
[SourceQuality "1"]

1. e4 c5 2. Nf3 a6 3. g3 g6 4. Bg2 Bg7 5. 0-0 Nc6 6. c3 Qb6 7. d3 d6 8. Nbd2 Nf6 9. Re1 0-0 10. a4 Bg4 11. h3 Bd7 12. Nc4 Qc7 13. a5 Rad8 14. Be3 Be6 15. Nfd2 Nd7 16. f4 f5 17. Bf2 fxe4 18. dxe4 Nf6 19. Qe2 Kh8 20. e5 dxe5 21. Bxc5 Nd7 22. Be3 Bg8 23. Nf3 exf4 24. Bxf4 Rxf4 25. gxf4 Qxf4 26. Ne3 Nf6 27. Rad1 Rf8 28. Nd4 Nxa5 29. Ng4 Nxg4 30. hxg4 Bf6 31. Ne6 Bxe6 32. Qxe6 Nc6 33. Rf1 Qb8 34. Bxc6 bxc6 35. Qxc6 Rc8 36. Qg2 Qb6+ 37. Qf2 Qe6 38. Qg3 Rc4 39. Rf4 Be5 40. Rf8+ Kg7 41. Qf3 Rxg4+ 42. Kf2 Bf6 43. Rdd8 Bh4+ 0-1

[Event "Coventry 4NCL op-A 16th"]
[Site "Coventry"]
[Date "2017.11.03"]
[Round "1"]
[White "Lentzos, Ioanis"]
[Black "Bates, Richard"]
[Result "1-0"]
[WhiteElo "2021"]
[BlackElo "2397"]
[PlyCount "65"]
[EventDate "2017.11.03"]
[EventType "swiss"]
[EventRounds "5"]
[EventCountry "ENG"]
[SourceTitle "CBM 181 Extra"]
[Source "ChessBase"]
[SourceDate "2017.12.12"]
[SourceVersion "1"]
[SourceVersionDate "2017.12.12"]
[SourceQuality "1"]

1. c4 e6 2. Nc3 Bb4 3. e4 Ne7 4. d4 d5 5. Bd3 c5 6. a3 cxd4 7. axb4 dxc3 8. bxc3 Qc7 9. Qe2 dxc4 10. Bxc4 Nd7 11. Bb2 Ng6 12. Nf3 Nf4 13. Qf1 0-0 14. g3 Ne5 15. Nxe5 Qxe5 16. gxf4 Qxe4+ 17. Kd2 Qxf4+ 18. Kc2 e5 19. Bc1 Bf5+ 20. Kb2 Qe4 21. Bb3 Rac8 22. Be3 Rfd8 23. Rd1 Rxd1 24. Qxd1 Qc6 25. Qc1 a5 26. bxa5 Qb5 27. Bb6 Qe2+ 28. Ka3 h6 29. Qe3 Qg4 30. f3 Qg6 31. Qxe5 Kh7 32. Rg1 Re8 33. Qd4 1-0